000 00518nam a2200217Ia 4500
003 OSt
005 20220928142601.0
006 a|||||r|||| 00| 0
007 ta
008 220927b |||||||| |||| 00| 0 eng d
024 _a19925
037 _cTextual
040 _aSDCL
_cSDCL
_beng
041 _2eng
_aeng
082 _aO15:g(S:5), L8
100 _aVainedutt
_9503752
245 0 _aRaskoosatubh.
260 _c1988
942 _hO15:g(S:5), L8
_cTEXL
_2CC
999 _c822072
_d822072